A Study to Assess the Effect of Therapeutic Positions on Hemodynamic Parameters among Critically Ill Patients in the Intensive Care Unit at Sri Ramachandra Medical Centre (Record no. 300177)
[ view plain ]
| 000 -LEADER | |
|---|---|
| fixed length control field | 00558nam a2200133Ia 4500 |
| 008 - FIXED-LENGTH DATA ELEMENTS--GENERAL INFORMATION | |
| fixed length control field | 160809s9999 xx 000 0 und d |
| 100 ## - MAIN ENTRY--PERSONAL NAME | |
| Personal name | Anchala, Mercy. |
| 245 #2 - TITLE STATEMENT | |
| Title | A Study to Assess the Effect of Therapeutic Positions on Hemodynamic Parameters among Critically Ill Patients in the Intensive Care Unit at Sri Ramachandra Medical Centre |
| 245 ## - TITLE STATEMENT | |
| Statement of responsibility, etc | Mercy Anchala. |
| 260 ## - PUBLICATION, DISTRIBUTION, ETC. (IMPRINT) | |
| Name of publisher, distributor, etc | Journal of Nursing and Care |
| 260 ## - PUBLICATION, DISTRIBUTION, ETC. (IMPRINT) | |
| Date of publication, distribution, etc | July 2016 |
| 650 ## - SUBJECT ADDED ENTRY--TOPICAL TERM | |
| General subdivision | NURSING |
| 856 ## - ELECTRONIC LOCATION AND ACCESS | |
| Uniform Resource Identifier | <a href="http://www.omicsgroup.org/journals/ArchiveJNC/currentissue-nursing-care-open-access.php">http://www.omicsgroup.org/journals/ArchiveJNC/currentissue-nursing-care-open-access.php</a> |
| Withdrawn status | Lost status | Damaged status | Home library | Current library | Date acquired | Total Checkouts | Date last seen | Price effective from | Koha item type |
|---|---|---|---|---|---|---|---|---|---|
| College Library | College Library | 08/09/2016 | 08/09/2016 | 08/09/2016 | Foreign e-journal articles |